000 00495nam a2200181Ia 4500
005 20250508163332.0
008 008 250505s9999 xx 000 0 eng d
037 _aTextual
040 _aFEDL
_beng
_cFEDL
041 _aeng
_2eng
084 _a418, WID
_qFEDL
100 _aWiddowson H G
245 0 _aExplorations in applied linguistics
260 _aWalton Street
_bOxford University Press
_c1985
300 _a273p.
942 _cTEXL
_h418, WID
999 _c1382390
_d1382390